ბათუმის შოთა რუსთაველის სახელმწიფო უნივერსიტეტის ბიბლიოთეკა

ქართული მითოლოგია. წ. 6. (ბიბ.ჩანაწერი № 35834)

000 -LEADER
fixed length control field 00600nam a2200217Ia 4500
001 - CONTROL NUMBER
control field 1725
003 - CONTROL NUMBER IDENTIFIER
control field GE_BSU
008 - FIXED-LENGTH DATA ELEMENTS--GENERAL INFORMATION
fixed length control field 181216s||||||||xx |||||||||||||| ||und||
020 ## - INTERNATIONAL STANDARD BOOK NUMBER
International Standard Book Number 9789994027101
040 ## - CATALOGING SOURCE
Transcribing agency GE_BSU
080 ## - UNIVERSAL DECIMAL CLASSIFICATION NUMBER
Universal Decimal Classification number 821.353.1–91+394
100 ## - MAIN ENTRY--PERSONAL NAME
Personal name კიკნაძე, ზურაბ
245 ## - TITLE STATEMENT
Title ქართული მითოლოგია. წ. 6.
260 ## - PUBLICATION, DISTRIBUTION, ETC.
Place of publication, distribution, etc. თბილისი
260 ## - PUBLICATION, DISTRIBUTION, ETC.
Name of publisher, distributor, etc. ბაკმი
260 ## - PUBLICATION, DISTRIBUTION, ETC.
Date of publication, distribution, etc. 2007
300 ## - PHYSICAL DESCRIPTION
Extent 268 გვ. 21სმ.
653 ## - INDEX TERM--UNCONTROLLED
Uncontrolled term ქართული მითოლოგია
942 ## - ADDED ENTRY ELEMENTS (KOHA)
Koha item type წიგნი
ეგზემპლარები
Withdrawn status Lost status Damaged status Not for loan Date acquired Barcode Date last seen Price effective from Koha item type Public note
        2018-12-17 3605 2018-12-17 2018-12-17 წიგნი დარბაზი